Reconstrucción del sistema monetario internacional
Enregistré dans:
| Auteur principal: | |
|---|---|
| Format: | Livre |
| Langue: | espagnol |
| Publié: |
Ciudad de México
CEMLA
1972
|
| Collection: | Biblioteca Financiera
|
| Sujets: | |
| Tags: |
Ajouter un tag
Pas de tags, Soyez le premier à ajouter un tag!
|
MARC
| LEADER | 00000nam a2200000 a 4500 | ||
|---|---|---|---|
| 001 | UCT7746 | ||
| 003 | CL-VaPUC | ||
| 008 | 970317e19720000MX |||||||||||||||||spa|d | ||
| 082 | 0 | 4 | |a 332.15 |b MAC |2 21 |
| 100 | |a Machlup, Fritz |e autor |9 388733 | ||
| 245 | 1 | 0 | |a Reconstrucción del sistema monetario internacional |
| 300 | |a 216 p | ||
| 942 | |c BK | ||
| 945 | |d 19970317 00:00:00 |a nastorga | ||
| 260 | |a Ciudad de México |b CEMLA |c 1972 | ||
| 650 | 0 | |a Sistema monetario |9 371822 | |
| 650 | 7 | |a GIROS |2 CL-VaPUC |9 371890 | |
| 650 | 7 | |a SALDOS |2 CL-VaPUC |9 378818 | |
| 650 | 7 | |a LIQUIDEZ INTERNACIONAL |2 CL-VaPUC |9 358833 | |
| 650 | 0 | |a Acuerdos comerciales |9 337377 | |
| 650 | 7 | |a FONDO MONETARIO |2 CL-VaPUC |9 378740 | |
| 583 | |a last modification |c 19970317 00:00:00 |k Rodrigo Vera | ||
| 490 | 0 | |a Biblioteca Financiera | |
| 999 | |c 256294 |d 256292 | ||
| 952 | |0 0 |1 0 |4 0 |6 332_150000000000000_MAC_1972 |7 0 |8 P |9 278956 |a BIBDER |b BIBDER |d 2019-11-19 |i 1810243 |o 332.15 MAC 1972 |p 1810243 |r 2023-01-25 |w 2019-11-19 |y BK |k DER | ||